Fundamentos y estrategias para la intervención psicosocial con agrupaciones juveniles de la calle /
Պահպանված է:
| Հիմնական հեղինակ: | |
|---|---|
| Այլ հեղինակներ: | , , |
| Ձևաչափ: | Տեքստ |
| Ցուցիչներ: |
Ավելացրեք ցուցիչ
Չկան պիտակներ, Եղեք առաջինը, ով նշում է այս գրառումը!
|
MARC
| LEADER | 00000 a a2200000 04500 | ||
|---|---|---|---|
| 001 | 44343 | ||
| 003 | |||
| 040 | |||
| 100 | |a Scandroglio, Bárbara | ||
| 245 | |a Fundamentos y estrategias para la intervención psicosocial con agrupaciones juveniles de la calle / |c Bárbara Scandroglio, Jorge S. López, Saray García, Nelly Delgado | ||
| 700 | |a López, Jorge S. | ||
| 700 | |a García, Saray | ||
| 700 | |a Delgado, Nelly | ||
| 773 | |g volumen2, páginas 25-41 | ||
| 999 | |c 22579 |d 22579 | ||
